000 00817nam a2200205Ii 4500
003 JO-AjNU
008 230605s9999||||xx |||||||||||||| ||und||
040 _aJO-AjNU
_bara
_erda
_cJO-AjNU
041 _aara
050 1 4 _aKRM641.H3788.1993
100 3 _aهرجة، مصطفى مجدي,
_eauthor
_934861
245 0 0 _aالشفعة في ضوء أحدث الآراء وأحكام النقض والصيغ القانونية
250 _a(د،ط)
264 3 1 _aالاسكندرية : دار المطبوعات الجامعية ، 1993
300 _a241ص
336 _atext
_btxt
_2rdacontent
337 _aunmediated
_bn
_2rdamedia
338 _avolume
_bnc
_2rdacarrier
650 4 _aالشفعة (قانون مدني) -- مصر-- القانون المدني -- مصر -- الشفعة (فقه إسلامي)
_934862
999 _aA14335
_c17903
_d17903